| 000 | 00507nam a2200169Ia 4500 | ||
|---|---|---|---|
| 008 | 240729s9999 xx 000 0 und d | ||
| 022 | _a2663-9688 | ||
| 245 | 0 | _aUkrainian Journal of Veterinary Sciences | |
| 260 | _aUkraine | ||
| 260 | _bNational University of Life and Environmental Sciences of Ukraine | ||
| 650 | _a Animal culture | ||
| 650 | _a Veterinary medicine | ||
| 650 | _aAgriculture | ||
| 856 | _uhttps://doaj.org/toc/e1d20a4982f044e1ae49313729afcee9 | ||
| 942 | _2ddc | ||
| 942 | _cDOAJEJ | ||
| 999 |
_c73371 _d73371 |
||
| 945 |
_a1 _bMadushi Gamage _c1 _dMadushi Gamage |
||